000 nam a22 7a 4500
999 _c126322
_d126322
008 170322b xxu||||| |||| 00| 0 eng d
050 _aJQ2947.A58 K35 1991
245 _aA kairos for Kenya
_cNCCK
260 _aNairobi
_bNCCK
_c1991
300 _a31p.;
_c21cm.
650 _aKenya
_xPolitics
_y1978
_923130
710 _aNational Council of Churches of Kenya (NCCK)
_929488
942 _2lcc
_cMONOGRAPH